| 000 | 00649cam a2200217u 4500 | ||
|---|---|---|---|
| 001 | 7562542 | ||
| 003 | ARRUPE | ||
| 005 | 20161027113930.0 | ||
| 008 | 830111s1968 gw 000 0 ger | ||
| 010 | _a 68142659 | ||
| 040 |
_aDLC _cCarP _dDLC |
||
| 050 | 0 | 0 | _aPT2617.E382G5 |
| 100 | 1 |
_aHeinrich, Willi, _927044 |
|
| 245 | 1 | 4 |
_aDas geduldige Fleisch; _bRoman. _cby Heinrich, Willi, |
| 260 |
_aMunchen _bWilhelm Heyne Verlag _c1968 |
||
| 300 |
_a381 p.; _c20 cm. |
||
| 440 |
_aHeyne bucher _vn. 842 _927049 |
||
| 650 | 0 |
_aWorld War, 1939-1945 _vFiction. _927050 |
|
| 906 |
_a0 _bcbc _cpremunv _du _encip _f19 _gy-gencatlg |
||
| 942 |
_2lcc _cMONOGRAPH |
||
| 999 |
_c125594 _d125594 |
||